<?xml version="1.0" encoding="UTF-8"?><?xml-stylesheet type="text/xsl" href="static/style.xsl"?><OAI-PMH xmlns="http://www.openarchives.org/OAI/2.0/" xmlns:xsi="http://www.w3.org/2001/XMLSchema-instance" xsi:schemaLocation="http://www.openarchives.org/OAI/2.0/ http://www.openarchives.org/OAI/2.0/OAI-PMH.xsd"><responseDate>2026-04-17T20:18:26Z</responseDate><request verb="GetRecord" identifier="oai:www.recercat.cat:20.500.12328/3503" metadataPrefix="marc">https://recercat.cat/oai/request</request><GetRecord><record><header><identifier>oai:recercat.cat:20.500.12328/3503</identifier><datestamp>2025-05-16T13:02:04Z</datestamp><setSpec>com_2072_67741</setSpec><setSpec>col_2072_484352</setSpec></header><metadata><record xmlns="http://www.loc.gov/MARC21/slim" xmlns:dcterms="http://purl.org/dc/terms/" xmlns:xsi="http://www.w3.org/2001/XMLSchema-instance" xmlns:doc="http://www.lyncode.com/xoai" xsi:schemaLocation="http://www.loc.gov/MARC21/slim http://www.loc.gov/standards/marcxml/schema/MARC21slim.xsd">
   <leader>00925njm 22002777a 4500</leader>
   <datafield ind2=" " ind1=" " tag="042">
      <subfield code="a">dc</subfield>
   </datafield>
   <datafield ind2=" " ind1=" " tag="720">
      <subfield code="a">Badia Pérez, Josep Maria</subfield>
      <subfield code="e">author</subfield>
   </datafield>
   <datafield ind2=" " ind1=" " tag="720">
      <subfield code="a">Del Toro, M Dolores</subfield>
      <subfield code="e">author</subfield>
   </datafield>
   <datafield ind2=" " ind1=" " tag="720">
      <subfield code="a">Navarro-Gracia, Juan Francisco</subfield>
      <subfield code="e">author</subfield>
   </datafield>
   <datafield ind2=" " ind1=" " tag="720">
      <subfield code="a">Balibrea, José M.</subfield>
      <subfield code="e">author</subfield>
   </datafield>
   <datafield ind2=" " ind1=" " tag="720">
      <subfield code="a">Herruzo, Rafael</subfield>
      <subfield code="e">author</subfield>
   </datafield>
   <datafield ind2=" " ind1=" " tag="720">
      <subfield code="a">González Sánchez, Carmen</subfield>
      <subfield code="e">author</subfield>
   </datafield>
   <datafield ind2=" " ind1=" " tag="720">
      <subfield code="a">Lozano García, Javier</subfield>
      <subfield code="e">author</subfield>
   </datafield>
   <datafield ind2=" " ind1=" " tag="720">
      <subfield code="a">Rubio Pérez, Inés</subfield>
      <subfield code="e">author</subfield>
   </datafield>
   <datafield ind2=" " ind1=" " tag="720">
      <subfield code="a">Guirao, Xavier</subfield>
      <subfield code="e">author</subfield>
   </datafield>
   <datafield ind2=" " ind1=" " tag="720">
      <subfield code="a">Soria-Aledo, Víctor</subfield>
      <subfield code="e">author</subfield>
   </datafield>
   <datafield ind2=" " ind1=" " tag="720">
      <subfield code="a">Ortí-Lucas, Rafael</subfield>
      <subfield code="e">author</subfield>
   </datafield>
   <datafield ind2=" " ind1=" " tag="720">
      <subfield code="a">Grupo de Trabajo del Programa de Prevención de la Infección de Localización Quirúrgica del Observatorio de Infección en Cirugía</subfield>
      <subfield code="e">author</subfield>
   </datafield>
   <datafield ind2=" " ind1=" " tag="260">
      <subfield code="c">2022</subfield>
   </datafield>
   <datafield ind2=" " ind1=" " tag="520">
      <subfield code="a">La infección de localización quirúrgica es la complicación más frecuente y más evitable de la cirugía, pero las guías clínicas para su prevención tienen un seguimiento insuficiente. Presentamos los resultados de un consenso Delphi realizado por un panel de expertos de 17 sociedades científicas con revisión crítica de la evidencia científica y guías internacionales, para seleccionar las medidas con mayor grado de evidencia y facilitar su implementación. Se revisaron 40 medidas y se emitieron 53 recomendaciones. Se priorizan 10 medidas principales para su inclusión en bundles de prevención: ducha preoperatoria; correcta higiene quirúrgica de manos; no eliminación del vello del campo quirúrgico o eliminación con maquinilla eléctrica; profilaxis antibiótica sistémica adecuada; uso de abordajes mínimamente invasivos; descontaminación de la piel con soluciones alcohólicas; mantenimiento de la normotermia; protectores-retractores plásticos de herida; cambio de guantes intraoperatorio, y cambio de material quirúrgico y auxiliar antes del cierre de las heridas.</subfield>
   </datafield>
   <datafield ind2=" " ind1=" " tag="520">
      <subfield code="a">Surgical site infection is the most frequent and avoidable complication of surgery, but clinical guidelines for its prevention are insufficiently followed. We present the results of a Delphi consensus carried out by a panel of experts from 17 Scientific Societies with a critical review of the scientific evidence and international guidelines, to select the measures with the highest degree of evidence and facilitate their implementation. Forty measures were reviewed and 53 recommendations were issued. Ten main measures were prioritized for inclusion in prevention bundles: preoperative shower; correct surgical hand hygiene; no hair removal from the surgical field or removal with electric razors; adequate systemic antibiotic prophylaxis; use of minimally invasive approaches; skin decontamination with alcoholic solutions; maintenance of normothermia; plastic wound protectors-retractors; intraoperative glove change; and change of surgical and auxiliary material before wound closure.</subfield>
   </datafield>
   <datafield ind1="8" ind2=" " tag="024">
      <subfield code="a">Badia Pérez, Josep Maria; Del Toro, M Dolores; Navarro Gracia, Juan F. [et al.]. Programa de Reducción de la Infección Quirúrgica del Observatorio de Infección en Cirugía (PRIQ-O). Documento de priorización y consenso Delphi de recomendaciones para la prevención de la infección de localización quirúrgica. Cirugía Española, 2022, [p. 1-14]. Disponible en: &lt;https://www.sciencedirect.com/science/article/pii/S0009739X2200330X?via%3Dihub>. Fecha de acceso: 24 nov. 2022. DOI: 10.1016/j.ciresp.2022.10.001</subfield>
   </datafield>
   <datafield ind1="8" ind2=" " tag="024">
      <subfield code="a">0009-739X</subfield>
   </datafield>
   <datafield ind1="8" ind2=" " tag="024">
      <subfield code="a">http://hdl.handle.net/20.500.12328/3503</subfield>
   </datafield>
   <datafield ind1="8" ind2=" " tag="024">
      <subfield code="a">https://dx.doi.org/10.1016/j.ciresp.2022.10.001</subfield>
   </datafield>
   <datafield tag="653" ind2=" " ind1=" ">
      <subfield code="a">Cirurgia</subfield>
   </datafield>
   <datafield tag="653" ind2=" " ind1=" ">
      <subfield code="a">Infecció de localització quirúrgica</subfield>
   </datafield>
   <datafield tag="653" ind2=" " ind1=" ">
      <subfield code="a">Prevenció</subfield>
   </datafield>
   <datafield tag="653" ind2=" " ind1=" ">
      <subfield code="a">Mesures preventives</subfield>
   </datafield>
   <datafield tag="653" ind2=" " ind1=" ">
      <subfield code="a">Delphi</subfield>
   </datafield>
   <datafield tag="653" ind2=" " ind1=" ">
      <subfield code="a">Delphi</subfield>
   </datafield>
   <datafield tag="653" ind2=" " ind1=" ">
      <subfield code="a">Cirugía</subfield>
   </datafield>
   <datafield tag="653" ind2=" " ind1=" ">
      <subfield code="a">Infección de localización quirúrgica</subfield>
   </datafield>
   <datafield tag="653" ind2=" " ind1=" ">
      <subfield code="a">Prevención</subfield>
   </datafield>
   <datafield tag="653" ind2=" " ind1=" ">
      <subfield code="a">Medidas preventivas</subfield>
   </datafield>
   <datafield tag="653" ind2=" " ind1=" ">
      <subfield code="a">Delphi</subfield>
   </datafield>
   <datafield tag="653" ind2=" " ind1=" ">
      <subfield code="a">Surgery</subfield>
   </datafield>
   <datafield tag="653" ind2=" " ind1=" ">
      <subfield code="a">Surgical site infection</subfield>
   </datafield>
   <datafield tag="653" ind2=" " ind1=" ">
      <subfield code="a">Prevention</subfield>
   </datafield>
   <datafield tag="653" ind2=" " ind1=" ">
      <subfield code="a">Preventive measures</subfield>
   </datafield>
   <datafield ind2="0" ind1="0" tag="245">
      <subfield code="a">Programa de Reducción de la Infección Quirúrgica del Observatorio de Infección en Cirugía (PRIQ-O). Documento de priorización y consenso Delphi de recomendaciones para la prevención de la infección de localización quirúrgica</subfield>
   </datafield>
</record></metadata></record></GetRecord></OAI-PMH>